| 000 | 00853nam a2200217 a 4500 | ||
|---|---|---|---|
| 005 | 20210223121858.0 | ||
| 008 | 991125s1985 mx 000 0 spa u | ||
| 035 | _aUPN01000025273 | ||
| 049 | _aF | ||
| 050 | 4 |
_aF1203 _bC8 no.51 |
|
| 245 | 0 | 0 |
_aFrancisco I. Madero / _ccolab. Nicolás Cárdenas García. |
| 260 |
_aMéxico : _bINEHRM, _c1985. |
||
| 300 |
_a111 p. : _bil. |
||
| 440 | 0 |
_aSerie de cuadernos conmemorativos ; _v51 |
|
| 500 | _a"Comisión Nacional para las celebraciones del 175 aniversario de la Independencia Nacional y 75 aniversario de la Revolución Mexicana" | ||
| 600 | 1 | 4 |
_aMADERO, FRANCISCO IGNACIO, _d1873-1913 |
| 651 | 4 |
_aMEXICO - _xHISTORIA - _yREGIMEN MADERISTA, 1911-1913 _917709 |
|
| 651 | 4 |
_aMEXICO - _xHISTORIA - _yREVOLUCION MADERISTA, 1910-1911 _917706 |
|
| 700 | 1 |
_aCárdenas García, Nicolás, _ecolab. |
|
| 905 | _aLibro | ||
| 999 |
_c25273 _d25273 |
||